Prešov Zimný štadión

Zobrazenie: Pohľad na Zimný štadión v pozadí za stromami v popredí. V diaľke za štadiónom vidno budovy z mesta

Bibliographic Details
Other Authors: Dugas, Dionýz, 1941- (Photographer)
Format: Postcard
Language:Slovak
PhysicalDescription:1 pohľadnica farebná 11 x 15 cm
Published: Bratislava Šport [1977?]
Subjects:

MARC

LEADER 00000nkm a2200000 a 4500
001 vtls011831155
003 SK-MaSNL
005 20260512125440.0
007 kp co
008 230718q1977 xo g kuslo
015 |a SNBG1977 
035 |a urn:nbn:sk:snk-km00dudz 
035 |a urn:nbn:sk:snk-km3lto0 
035 |a 7752C6C9-F6B4-4D8C-9E7B-5E91B1340C5C 
040 |a SNK  |b slo  |c SNK  |e AACR2 
041 0 |a slo 
043 |a e-xo--- 
044 |a xo  |c SK 
072 7 |a 913  |x Regionálna geografia  |2 konspekt 
080 |a 913(437.6)  |2 2011 
080 |a 725.826  |2 2011 
080 |a (084.121)  |2 2011 
100 1 |a Dugas, Dionýz,  |d 1941-  |4 pht  |9 105914 
245 1 0 |a Prešov  |h grafika  |b Zimný štadión  |c snímka: D. Dugas 
260 |a Bratislava  |b Šport  |c [1977?]  |e Skalica  |f Grafobal 
300 |a 1 pohľadnica  |b farebná  |c 11 x 15 cm 
520 8 |a Zobrazenie: Pohľad na Zimný štadión v pozadí za stromami v popredí. V diaľke za štadiónom vidno budovy z mesta 
650 0 7 |a zimné štadióny  |2 SNKPH  |9 76138 
651 7 |a Prešov (Slovensko)  |2 SNKPHgeo  |9 17347 
655 7 |a miestne pohľadnice  |2 SNKPH  |9 70510 
852 |a Slovenská národná knižnica 
954 |a pohľadnice pôvodné (slovenské)  |2 lita 
958 |a GBN 
958 |a GC 
958 |a OND 
958 |a EUIPO 
999 |c 1037321  |d 1039251 
952 |a SNK  |b SNK  |y PREZ  |7 0  |p 17A1292259  |o snkSP 103994  |0 0  |1 0  |4 0  |d 2018-12-19  |f 1  |l 0  |r 2026-02-24 14:13:22  |w 2026-02-24